000 00351nam a2200133Ia 4500
005 20260326100044.0
008 260326s9999||||xx |||||||||||||| ||und||
100 _aKultermann, Udo
245 0 _aKenzo Tange :
_b Arquitectura y Urbanismo 1946-1969 /
_cUdo Kultermann
260 _bGustavo Gili
300 _a285 p.
650 _aARQUITECTOS
942 _cBK
999 _c7127
_d7127